[Event "Oviedo op 8th"]
[Site "Oviedo"]
[Date "2022.07.19"]
[Round "4"]
[White "Fernandez Rodriguez, Olaya"]
[Black "Prochaieva, Yelyzaveta"]
[Result "1/2-1/2"]
[WhiteElo "1086"]
[BlackElo "1466"]
[PlyCount "126"]
[EventDate "2022.07.17"]
[EventType "swiss"]
[EventRounds "9"]
[EventCountry "ESP"]
[SourceTitle "CBM 209 Extra"]
[Source "ChessBase"]
[SourceDate "2022.09.30"]
[SourceVersion "1"]
[SourceVersionDate "2022.09.30"]
[SourceQuality "1"]

1. d4 Nf6 2. Nf3 e6 3. e3 d5 4. Bd3 Nbd7 5. Nbd2 Bd6 6. 0-0 0-0 7. Qe2 c5 8. c3 Qc7 9. dxc5 Nxc5 10. e4 Nxd3 11. Qxd3 dxe4 12. Nxe4 Nxe4 13. Qxe4 e5 14. Ng5 f5 15. Qh4 g6 16. Rd1 Bc5 17. b4 Bb6 18. Bb2 Qe7 19. a4 h5 20. a5 Bd8 21. Qc4+ Kh8 22. Nf3 Bc7 23. b5 Qf7 24. Qxf7 Rxf7 25. c4 Re7 26. Re1 Kg8 27. Nxe5 Bxe5 28. Rxe5 Rxe5 29. Bxe5 Be6 30. c5 Rc8 31. Bd6 Bc4 32. b6 a6 33. Rc1 Bb5 34. Bc7 Re8 35. h3 Re4 36. Rd1 Ra4 37. Rd8+ Kf7 38. Rb8 Bc6 39. Bd6 Rxa5 40. Rf8+ Kg7 41. Kf1 Ra1+ 42. Ke2 Ra2+ 43. Kf1 Ra1+ 44. Ke2 Ra2+ 45. Ke3 Ra4 46. Rc8 Rb4 47. Rc7+ Kf6 48. Rc8 Bxg2 49. Rc7 Bc6 50. Kd3 Rb5 51. Kc4 Kg5 52. Rg7 Kh6 53. Rc7 Rb1 54. Rc8 Kg7 55. f4 a5 56. Be5+ Kf7 57. Rc7+ Ke6 58. Rg7 Rg1 59. Rc7 Rb1 60. Rg7 Bd5+ 61. Kd4 Rb4+ 62. Ke3 Rb3+ 63. Kd2 Bc6 1/2-1/2

[Event "Trevis San Miguel op 26th"]
[Site "Trevis"]
[Date "2020.09.20"]
[Round "3"]
[White "Fernandez Rodriguez, Olaya"]
[Black "Gonzalez Fernandez, Silvia I"]
[Result "0-1"]
[WhiteElo "1066"]
[BlackElo "1113"]
[PlyCount "150"]
[EventDate "2020.09.19"]
[EventType "swiss"]
[EventRounds "3"]
[EventCountry "ESP"]
[SourceTitle "EXT 2024"]
[Source "ChessBase"]
[SourceDate "2023.10.10"]
[SourceVersion "1"]
[SourceVersionDate "2023.10.10"]
[SourceQuality "1"]

1. d4 Nf6 2. Bf4 d5 3. h3 Bf5 4. Nf3 e6 5. e3 Bd6 6. Ne5 c6 7. Nd2 Qc7 8. Ndf3 Nbd7 9. Be2 Be4 10. Nxd7 Nxd7 11. Bxd6 Qxd6 12. Bd3 Nf6 13. 0-0 0-0 14. Ng5 Bxd3 15. Qxd3 h6 16. Nf3 Qe7 17. Rfe1 Rad8 18. Rad1 Qc7 19. Ne5 Nd7 20. Nxd7 Rxd7 21. e4 dxe4 22. Qxe4 Rfd8 23. Re3 Qd6 24. Red3 Qe7 25. c3 Qg5 26. Rg3 Qd5 27. Qxd5 Rxd5 28. Re1 c5 29. Re4 cxd4 30. cxd4 Rxd4 31. Rxd4 Rxd4 32. Rb3 Rd7 33. Ra3 a6 34. Rc3 Kf8 35. Kf1 Ke7 36. Ke1 e5 37. Rg3 Kf6 38. Rf3+ Ke6 39. Rg3 f6 40. Rb3 b5 41. Rc3 Kd6 42. Rd3+ Ke7 43. Rxd7+ Kxd7 44. Kd2 Kd6 45. Kc3 a5 46. Kd3 Kd5 47. h4 g5 48. hxg5 hxg5 49. b3 f5 50. Ke3 e4 51. Kd2 Kd4 52. g3 f4 53. gxf4 gxf4 54. a3 e3+ 55. fxe3+ fxe3+ 56. Ke2 Ke4 57. a4 b4 58. Ke1 Kd3 59. Kd1 e2+ 60. Ke1 Kc3 61. Kxe2 Kxb3 62. Kd1 Ka2 63. Kc2 b3+ 64. Kc3 b2 65. Kd4 b1Q 66. Ke5 Qd1 67. Ke4 Kb3 68. Ke5 Kc4 69. Ke6 Qd5+ 70. Ke7 Qc6 71. Kf7 Kd5 72. Kg7 Ke5 73. Kh7 Qg2 74. Kh6 Kf6 75. Kh5 Qg5# 0-1

[Event "Trevis San Miguel op 26th"]
[Site "Trevis"]
[Date "2020.09.19"]
[Round "1"]
[White "Fernandez Rodriguez, Olaya"]
[Black "Martin Fernandez, Ismael"]
[Result "0-1"]
[WhiteElo "1066"]
[BlackElo "1009"]
[PlyCount "120"]
[EventDate "2020.09.19"]
[EventType "swiss"]
[EventRounds "3"]
[EventCountry "ESP"]
[SourceTitle "EXT 2024"]
[Source "ChessBase"]
[SourceDate "2023.10.10"]
[SourceVersion "1"]
[SourceVersionDate "2023.10.10"]
[SourceQuality "1"]

1. e4 e6 2. d4 d5 3. exd5 exd5 4. Bd3 g6 5. h3 Bg7 6. Nf3 Nf6 7. 0-0 0-0 8. Bf4 Nbd7 9. c3 c6 10. Nbd2 b5 11. Re1 a5 12. Bd6 Re8 13. Ne5 Nxe5 14. Bxe5 Be6 15. Nf3 Qd7 16. Ng5 h6 17. Nxe6 Qxe6 18. Bh2 Qxe1+ 19. Qxe1 Rxe1+ 20. Rxe1 Re8 21. Rxe8+ Nxe8 22. Be2 Nf6 23. Bc7 a4 24. Bd6 Nd7 25. Bg4 f5 26. Be2 Kf7 27. g4 Ke6 28. Bb4 Bf8 29. Bxf8 Nxf8 30. gxf5+ Kxf5 31. Bg4+ Ke4 32. Be2 h5 33. Kg2 Ne6 34. h4 Nf4+ 35. Kf1 Nxe2 36. Kxe2 Kf4 37. Kf1 Kg4 38. Kg2 Kxh4 39. Kf3 Kg5 40. Kg3 Kh6 41. Kh4 g5+ 42. Kh3 Kg6 43. Kg2 Kf5 44. a3 Kf4 45. f3 g4 46. fxg4 hxg4 47. Kh2 g3+ 48. Kg1 Kf3 49. Kf1 Ke3 50. Kg2 Kd2 51. Kxg3 Kc2 52. Kf4 Kxb2 53. Ke5 Kxa3 54. Kd6 Kb3 55. Kxc6 a3 56. Kxd5 a2 57. Kc5 a1Q 58. d5 Ka4 59. d6 Qxc3+ 60. Kb6 Qf6 0-1

[Event "Pontevedra op-B 6th"]
[Site "Pontevedra"]
[Date "2018.08.12"]
[Round "7"]
[White "Carrascal Prado, Manuel"]
[Black "Fernandez Rodriguez, Olaya"]
[Result "1/2-1/2"]
[WhiteElo "1017"]
[BlackElo "1080"]
[PlyCount "34"]
[EventDate "2018.08.08"]
[EventType "swiss"]
[EventRounds "9"]
[EventCountry "ESP"]
[SourceTitle "CBM 186 Extra"]
[Source "ChessBase"]
[SourceDate "2018.08.24"]
[SourceVersion "1"]
[SourceVersionDate "2018.08.24"]
[SourceQuality "1"]

1. e4 c5 2. Nf3 e6 3. d4 cxd4 4. Nxd4 Nf6 5. Nc3 Nc6 6. Ndb5 d6 7. Bg5 a6 8. Nd4 Bd7 9. Be2 Be7 10. Qd2 Qb6 11. Nxc6 Bxc6 12. Bxf6 Bxf6 13. Rb1 Bd4 14. Bf3 Qb4 15. a3 Bxc3 16. Qxc3 Qxc3+ 17. bxc3 Ke7 1/2-1/2

[Event "Pontevedra op-B 6th"]
[Site "Pontevedra"]
[Date "2018.08.12"]
[Round "6"]
[White "Dieguez Novoa, Benjamin"]
[Black "Fernandez Rodriguez, Olaya"]
[Result "1-0"]
[WhiteElo "1185"]
[BlackElo "1080"]
[PlyCount "93"]
[EventDate "2018.08.08"]
[EventType "swiss"]
[EventRounds "9"]
[EventCountry "ESP"]
[SourceTitle "CBM 186 Extra"]
[Source "ChessBase"]
[SourceDate "2018.08.24"]
[SourceVersion "1"]
[SourceVersionDate "2018.08.24"]
[SourceQuality "1"]

1. e4 c5 2. Nf3 e6 3. d4 cxd4 4. Nxd4 Nf6 5. Nc3 Nc6 6. Be3 Bb4 7. Nxc6 Bxc3+ 8. bxc3 bxc6 9. Bg5 h6 10. Bxf6 Qxf6 11. Qd4 Qxd4 12. cxd4 0-0 13. Bd3 d5 14. e5 f6 15. exf6 Rxf6 16. 0-0 Bd7 17. Rfe1 Rb8 18. Rab1 Rxb1 19. Rxb1 Rf8 20. Rb7 Be8 21. Rxa7 Bh5 22. Rc7 Rb8 23. h3 Rb6 24. c4 dxc4 25. Bxc4 Bf7 26. Rc8+ Kh7 27. Bd3+ Bg6 28. Bc4 Bf5 29. Re8 Rb1+ 30. Kh2 Re1 31. a4 Ra1 32. Ra8 Ra3 33. g4 Bc2 34. Bxe6 Bxa4 35. Bf5+ g6 36. Ra7+ Kg8 37. Bxg6 Ra2 38. Bf7+ Kf8 39. Bxa2 Bb5 40. d5 c5 41. Rc7 c4 42. Bxc4 Bxc4 43. Rxc4 Ke7 44. Rc6 Kd7 45. Kg3 Ke7 46. Kf4 h5 47. gxh5 1-0

[Event "Pontevedra op-B 6th"]
[Site "Pontevedra"]
[Date "2018.08.09"]
[Round "2"]
[White "Alonso Pacheco, Luis Joaquin"]
[Black "Fernandez Rodriguez, Olaya"]
[Result "1-0"]
[WhiteElo "1386"]
[BlackElo "1080"]
[PlyCount "53"]
[EventDate "2018.08.08"]
[EventType "swiss"]
[EventRounds "9"]
[EventCountry "ESP"]
[SourceTitle "CBM 186 Extra"]
[Source "ChessBase"]
[SourceDate "2018.08.24"]
[SourceVersion "1"]
[SourceVersionDate "2018.08.24"]
[SourceQuality "1"]

1. e4 c5 2. Nf3 e6 3. c3 d5 4. e5 Nc6 5. d4 Bd7 6. Bd3 f6 7. 0-0 Qb6 8. dxc5 Bxc5 9. b4 Be7 10. exf6 Nxf6 11. Re1 0-0 12. Bg5 Ng4 13. Be3 Nxe3 14. Rxe3 Bd6 15. Bxh7+ Kh8 16. Bc2 Bf4 17. Qd3 Rf5 18. Re2 Be8 19. g4 Ne7 20. gxf5 Nxf5 21. Nh4 Bxh2+ 22. Kxh2 Bb5 23. Qh3 Qd6+ 24. Kg2 Nh6 25. Rxe6 Qf4 26. Ng6+ Kg8 27. Nxf4 1-0